Materials Handbook : An Encyclopedia for Managers, Technical Professionals, Purchasing and Production Managers, Technicians, and Supervisors

Gespeichert in:
Bibliographische Detailangaben
Hauptverfasser: Brady, George S. (Verfasst von), Clauser, Henry R. (Verfasst von), Vaccari, John A. (Verfasst von)
Format: Buch
Sprache:Englisch
Veröffentlicht: Boston : McGraw-Hill, 2002
Ausgabe:15th Ed.
Schlagworte:
Tags: Tag hinzufügen
Keine Tags, Fügen Sie das erste Tag hinzu!

MARC

LEADER 00000nam a22000003a 4500
001 stu261858
005 20150617225642.8
008 130130s2002----xxu-----------------eng-d
020 |a 978-0-07-136076-0 
040 |a STU  |b slo 
041 0 |a eng 
044 |a xxu 
100 1 |a Brady, George S.  |4 aut 
245 1 |a Materials Handbook :  |b An Encyclopedia for Managers, Technical Professionals, Purchasing and Production Managers, Technicians, and Supervisors 
250 |a 15th Ed. 
260 |a Boston :  |b McGraw-Hill,  |c 2002 
300 |a 1244 s 
650 7 |a materiály  |2 stusub 
700 1 |a Clauser, Henry R.  |4 aut 
700 1 |a Vaccari, John A.  |4 aut 
996 |b 284M084715  |c M*13414-1  |l MMST  |s A  |a 24  |w stu261858_0001